000 00879cam a2200253 a 4500
001 1638006
005 20240301020223.0
008 960827s1996 enk b 001 0 eng d
020 _a0803987927
020 _a0803987935 (pbk.)
040 _aOTU
_cOTU
_dDLC
082 _222
_a323.
_bTHE.
100 1 _aBacchi, Lee Carol .
245 1 4 _aThe politics of affirmative action :
_b'women,' equality and category politics /
_cCarol Lee Bacchi.
260 _aLondon ;
_aThousand Oaks, Calif. :
_bSage Publications,
_c1996.
300 _axv, 190 p. ;
650 0 _aAffirmative action programs
650 0 _aSex discrimination in employment.
650 0 _aCategorization (Psychology)
650 0 _aFeminist theory.
856 4 2 _uhttp://www.loc.gov/catdir/enhancements/fy0656/96070154-d.html
856 4 1 _uhttp://www.loc.gov/catdir/enhancements/fy0656/96070154-t.html
942 _cL
999 _c527
_d527